Проблема вхождения российских вузов в топ-100 мирового рейтинга; Экономика России в XXI веке; Т. 2

Detalles Bibliográficos
Parent link:Экономика России в XXI веке: сборник научных трудов XI Международной научно-практической конференции "Экономические науки и прикладные исследования: фундаментальные проблемы модернизации экономики России", посвященной 110-летию экономического образования в Томском политехническом университете, г. Томск, 18-22 ноября 2014 г./ Национальный исследовательский Томский политехнический университет (ТПУ) ; ред. кол. Г. А. Барышева [и др.].— , 2014
Т. 2.— 2014.— [С. 341-345]
Autor principal: Теслюк А. Н.
Autor Corporativo: Национальный исследовательский Томский политехнический университет (ТПУ) Институт социально-гуманитарных технологий (ИСГТ) Кафедра экономики (ЭКОН)
Otros Autores: Аникина Е. А. Екатерина Алексеевна (научный руководитель)
Sumario:Заглавие с титульного экрана
В статье обсуждается проблема вхождения российских вузов в топ-100 мирового рейтинга. Приводятся критерии оценки деятельности вузов и показатели, составляющие основу лидирующих мировых рейтингов. Дается соответствующая оценка деятельности российских вузов, анализируется возможность и целесообразность их вхождения в топ-100 мирового рейтинга.
Lenguaje:ruso
Publicado: 2014
Colección:Социально-гуманитарные аспекты модернизации экономики России
Materias:
Acceso en línea:http://www.lib.tpu.ru/fulltext/c/2014/C40/V2/069.pdf
Formato: MixedMaterials Electrónico Capítulo de libro
KOHA link:https://koha.lib.tpu.ru/cgi-bin/koha/opac-detail.pl?biblionumber=610391

MARC

LEADER 00000naa2a2200000 4500
001 610391
005 20260403090745.0
035 |a (RuTPU)RU\TPU\conf\7997 
035 |a RU\TPU\conf\7993 
090 |a 610391 
100 |a 20150121d2014 k y0rusy50 ca 
101 0 |a rus 
102 |a RU 
135 |a drcn ---uucaa 
181 0 |a i  
182 0 |a b 
200 1 |a Проблема вхождения российских вузов в топ-100 мирового рейтинга  |f А. Н. Теслюк  |g науч. рук. Е. А. Аникина 
203 |a Текст  |c электронный 
225 1 |a Социально-гуманитарные аспекты модернизации экономики России 
300 |a Заглавие с титульного экрана 
320 |a [Библиогр.: с. 345 (7 назв.)] 
330 |a В статье обсуждается проблема вхождения российских вузов в топ-100 мирового рейтинга. Приводятся критерии оценки деятельности вузов и показатели, составляющие основу лидирующих мировых рейтингов. Дается соответствующая оценка деятельности российских вузов, анализируется возможность и целесообразность их вхождения в топ-100 мирового рейтинга. 
337 |a Adobe Reader 
461 1 |0 (RuTPU)RU\TPU\conf\7533  |t Экономика России в XXI веке  |o сборник научных трудов XI Международной научно-практической конференции "Экономические науки и прикладные исследования: фундаментальные проблемы модернизации экономики России", посвященной 110-летию экономического образования в Томском политехническом университете, г. Томск, 18-22 ноября 2014 г.  |o в 2 т.  |f Национальный исследовательский Томский политехнический университет (ТПУ) ; ред. кол. Г. А. Барышева [и др.]  |d 2014 
463 0 |0 (RuTPU)RU\TPU\conf\7539  |t Т. 2  |v [С. 341-345]  |d 2014 
610 1 |a труды учёных ТПУ 
610 1 |a электронный ресурс 
610 1 |a российские вузы 
610 1 |a мировой рейтинг 
610 1 |a деятельность 
610 1 |a вузы 
700 1 |a Теслюк  |b А. Н. 
702 1 |a Аникина  |b Е. А.  |c экономист  |c доцент Томского политехнического университета, кандидат экономических наук  |f 1982-  |g Екатерина Алексеевна  |4 727 
712 0 2 |a Национальный исследовательский Томский политехнический университет (ТПУ)  |b Институт социально-гуманитарных технологий (ИСГТ)  |b Кафедра экономики (ЭКОН)  |3 (RuTPU)RU\TPU\col\18375 
801 2 |a RU  |b 63413507  |c 20150121  |g RCR 
856 4 |u http://www.lib.tpu.ru/fulltext/c/2014/C40/V2/069.pdf 
942 |c BK